000 01353nam a2200265 a 4500
001 BRCA_8406
005 20190320210251.0
008 070415s2013----mx-a######---#000-0#spa-#
020 _a9786079255084
041 _aspa
_heng
050 4 _aHE6183.E97
_b.M49 2013
245 1 0 _aMéxico exporta
_b1975-1993 : diseño postal y comercio internacional
_ccoordinación del catálogo, Jimena Acosta y Emiliano Godoy ; textos, Jimena Acosta ... [et al.] ; traducción, Alistair McCreadie.
260 _aOaxaca, Oax., México
_bMuseo de Filatelia de Oaxaca : Dirección General de Promoción Cultural
_c2013
300 _a217 p.
_bil. (algunas a color)
_c24 cm.
500 _aCatálogo de la exposición realizada en el Museo de Filatelia de Oaxaca, México, 15 nov., 2013-20 enero, 2014
500 _aUn proyecto del Museo de Filatelia de Oaxaca, MUFI en conjunto con el Centro de Diseño de Oaxaca, en coordinación con el Taller de Impresión de Estampillas y Valores
546 _aTexto en : español e inglés
650 1 4 _aExportación de sellos postales
_vExposiciones
_921048
650 1 4 _aSellos postales
_vExposiciones
_zMéxico
_921049
651 4 _aMéxico
_vExposiciones
_xComercio - En los sellos postales
_921050
700 1 _aAcosta, Jimena
_921051
700 1 _aGodoy, Emiliano
_921052
700 1 _aMcCreadie, Alistair
_921053
942 _2lcc
_cB
999 _c8074
_d8074